| 000 | 00525nam a22002057a 4500 | ||
|---|---|---|---|
| 003 | OSt | ||
| 005 | 20140410080942.0 | ||
| 008 | 131005t xxu||||| |||| 00| 0 eng d | ||
| 020 | _a9780439727549 | ||
| 050 |
_aPZ 7 _b.M35135Go 2005 |
||
| 100 |
_aMarsden, Carolyn. _924187 |
||
| 245 |
_aThe gold-threaded dress / _cCarolyn Marsden. |
||
| 260 |
_aNew York, NY : _bScholastic Inc., _c2005. |
||
| 300 |
_a73 p. : _c23 cm. |
||
| 521 | _aG5 | ||
| 526 | _c710 | ||
| 650 |
_aFiction _9746 |
||
| 942 |
_2lcc _cBK |
||
| 999 |
_c33750 _d33750 |
||